000 004340000a22001690004500
003 MACL
005 20150812125043.0
008 150812b xxu||||| |||| 00| 0 eng d
040 _aMACL
_cMACL
041 _aEnglish
082 _a370/NIL
100 _aNilsson, Nils
_94934
245 _aPrinciples Of Artificial Intelligence
260 _bNarosa Publising House
_c1990
_aNew Delhi
650 _aEducation
_94935
942 _cBK
_k370
_2ddc
999 _c3981
_d3981